Normal view MARC view
  • George Gabriel Stokes

Entry Personal Name

Number of records used in: 5

001 - CONTROL NUMBER

  • control field: 25468

003 - CONTROL NUMBER IDENTIFIER

  • control field: IN-BhIIT

005 - DATE AND TIME OF LATEST TRANSACTION

  • control field: 20250214153007.0

008 - FIXED-LENGTH DATA ELEMENTS

  • fixed length control field: 250214|| aca||aabn | a|a d

040 ## - CATALOGING SOURCE

  • Original cataloging agency: IN-BhIIT
  • Transcribing agency: IN-BhIIT

100 ## - HEADING--PERSONAL NAME

  • Personal name: George Gabriel Stokes

670 ## - SOURCE DATA FOUND

  • Source citation: Work cat.: (IN-BhIIT)14794: George Gabriel Stokes, Mathematical and Physical Papers, 2009

Central Library, Indian Institute of Technology Bhubaneswar, 4th Floor, Administrative Building, Argul, Khordha, PIN-752050, Odisha, India
Phone: +91-674-7138750 | Email: circulation.library@iitbbs.ac.in (For circulation related queries),
Email: info.library@iitbbs.ac.in (For other queries)